Foodnited States of America Quiz Stats

 Plays Quiz Updated May 1, 2016

Also try: Flags of Food
Challenge
Share
Tweet
Score 0/25 Timer 06:00
0 Plays Today
% Correct
Kaleifornia
95.5%
Swissconsin
88.4%
New Jerky
85.9%
Kenturkey
85.7%
Texmexas
82.7%
Ohioatmeal Raisin
82.6%
Piedaho
81.1%
Quinoashington
76.2%
Prosciutah
74.5%
Avocolorado
73.1%
Arrozona
72.7%
Pork Lo Maine
69.9%
Tunassee
69.5%
% Correct
Iowatermelon
67.3%
Ryeoming
65.9%
Arkanslaw
64.2%
North Carolima Beans
61.2%
Georgianzola
61%
Missourifried Beans
60.6%
Nutellaware
59.9%
Pretzelvania
53%
Cransas
52.8%
Rocky Rhode Island
52.2%
South Dacocoa Puffs
50.3%
North Duckota
45.2%

You're not logged in!

Compare scores with friends on all Sporcle quizzes.
OR
Log In

You Might Also Like...

Show Comments

Extras

Top Quizzes Today


Score Distribution

Your Account Isn't Verified!

In order to create a playlist on Sporcle, you need to verify the email address you used during registration. Go to your Sporcle Settings to finish the process.

Report this User

Report this user for behavior that violates our Community Guidelines.

Details: